| 000 | 00439cam a2200193ua 4500 | ||
|---|---|---|---|
| 020 | _c2.50 (PB) | ||
| 041 |
_amal _h |
||
| 082 |
_a894.812301 _bKUN/SA |
||
| 100 |
_aKunhan pillai , Sooranatt . _95988 |
||
| 245 | _aSahitya praveshika | ||
| 260 |
_aTrivandrum : _bP. Govinda pillai ,V.V book depot , _c1965. |
||
| 300 | _a231 ; . | ||
| 365 | _a2.50 | ||
| 504 | _a | ||
| 942 | _cBK | ||
| 999 |
_c76 _d76 |
||
| 003 | @ | ||
| 003 | OSt | ||